• 首页
  • 本馆介绍
  • 公告通知
  • 最新文献
  • 馆藏检索
  • 电子资源
  • 读者导购
  • 参考咨询
  • 我的图书馆
  • 登录
  • 详细信息显示
  • 放入我的书架
  • 预约/预借图书
  • 作者相关作品
  • 分类相关作品
  • 丛书相关作品
  • 出版社相关作品

书目信息

  • 表格格式
  • 工作单格式
  • 卡片格式
题名:
结晶化学导论
    
 
作者: 钱逸泰 编著
分册:  
出版信息: 合肥   中国科学技术大学出版社  2005
页数: 13,512页
开本: 21cm
丛书名:
单 册:
中图分类: O74
科图分类:
主题词: 结晶化学--概论 , 结晶化学
电子资源:
ISBN: 7-312-01804-1
000 00821nam0 2200241 450
001 002969557
005 20061121090300.00
010    @a7-312-01804-1@dCNY30.00
100    @a20050119d2005 em y0chiy0110 ea
101 0  @achi
102    @aCN@b340000
105    @aa z 001yy
200 1  @a结晶化学导论@9jie jing hua xue dao lun@f钱逸泰编著
205    @a3版
210    @a合肥@c中国科学技术大学出版社@d2005
215    @a13,512页@c图@d21cm
330    @a本书介绍了几何结晶学、X光结晶学和结晶化学的基本理论与基本内容,着重介绍了结晶化学近年来在纳米材料、超导材料、激光材料、夹层化合物、分子筛、非线性光学材料、铁电材料、储氢材料等方面的最新研究成果。
606 0  @a结晶化学@x概论
606 0  @a结晶化学
690    @aO74@v4
701  0 @a钱逸泰@9qian yi tai@4编著
801  0 @aCN@bNLC@c20061121
905    @a10447@dO74@e4=3
    
    结晶化学导论/钱逸泰编著.-3版.-合肥:中国科学技术大学出版社,2005
    13,512页:图;21cm
    
    
    ISBN 7-312-01804-1:CNY30.00
    本书介绍了几何结晶学、X光结晶学和结晶化学的基本理论与基本内容,着重介绍了结晶化学近年来在纳米材料、超导材料、激光材料、夹层化合物、分子筛、非线性光学材料、铁电材料、储氢材料等方面的最新研究成果。
●
相关链接 在E读中查询图书 在五车中查询图书 在当当中查询图书 在豆瓣中查询图书


正题名:结晶化学导论     索取号:O74/4=3         预约/预借

序号 登录号 条形码 馆藏地/架位号 状态 备注
1 0394027   203940272   第二样本阅览室/ [索取号:O74/4=3] 在馆    
2 0394028   203940281   第三借阅区/ [索取号:O74/4=3] 在馆    
3 0394029   203940290   第三借阅区/ [索取号:O74/4=3] 在馆    
4 0394030   203940307   第三借阅区/ [索取号:O74/4=3] 在馆    
5 0394031   203940316   第三借阅区/ [索取号:O74/4=3] 在馆    
唐山师范学院图书馆 欢迎您!
大连网信软件有限公司© 版权所有